RICS best practice & guidance note for technical due diligence of commercial, industrial & residential property in continental Europe (Record no. 112122)

MARC details
000 -LEADER
fixed length control field 01288cad a22002175a 4500
001 - CONTROL NUMBER
control field E152570
008 - FIXED-LENGTH DATA ELEMENTS--GENERAL INFORMATION
fixed length control field 110329s2011 xxk 000 0 eng u
035 ## - SYSTEM CONTROL NUMBER
System control number (Sirsi) u152570
041 0# - LANGUAGE CODE
Language code of text/sound track or separate title eng
110 2# - MAIN ENTRY--CORPORATE NAME
Corporate name or jurisdiction name as entry element Royal Institution of Chartered Surveyors
Subordinate unit Europe
9 (RLIN) 5921
245 00 - TITLE STATEMENT
Title RICS best practice & guidance note for technical due diligence of commercial, industrial & residential property in continental Europe
Medium [electronic resource]
Statement of responsibility, etc. [old edition]
260 ## - PUBLICATION, DISTRIBUTION, ETC.
Place of publication, distribution, etc. Brussels
Name of publisher, distributor, etc. RICS Europe
Date of publication, distribution, etc. 2011
490 #0 - SERIES STATEMENT
Series statement RICS Guidance Note
520 ## - SUMMARY, ETC.
Summary, etc. This document seeks to provide practical guidance in relation to Technical Due Diligence reports in continental Europe for the benefit of both property professionals (the professionals providing technical due diligence services) and their clients (the recipients of those services).
520 ## - SUMMARY, ETC.
Summary, etc. Superseded by Technical due diligence of commercial property 1st edition, global guidance note (ISBN 9781783213788)
590 ## - LOCAL NOTE (RLIN)
Local note KA
651 #4 - SUBJECT ADDED ENTRY--GEOGRAPHIC NAME
Geographic name Europe
690 ## - LOCAL SUBJECT ADDED ENTRY--TOPICAL TERM (OCLC, RLIN)
Topical term or geographic name as entry element PROPERTY-ACQUISITION AND DISPOSAL OF PROPERTY
856 40 - ELECTRONIC LOCATION AND ACCESS
Uniform Resource Identifier <a href="https://www.isurv.com/downloads/download/1928/technical_due_diligence_of_commercial_industrial_and_residential_property_in_continental_europe_archived">https://www.isurv.com/downloads/download/1928/technical_due_diligence_of_commercial_industrial_and_residential_property_in_continental_europe_archived</a>
Public note Archived on iSurv (subscription required)
942 ## - ADDED ENTRY ELEMENTS (KOHA)
Suppress in OPAC 0
Source of classification or shelving scheme Dewey Decimal Classification
Holdings
Withdrawn status Lost status Source of classification or shelving scheme Damaged status Not for loan Home library Current library Shelving location Date acquired Total Checkouts Full call number Barcode Date last seen Copy number Price effective from Koha item type
    Dewey Decimal Classification     Virtual Virtual Online 29/03/2011   ONLINE PUBLICATION 152570-1001 06/08/2019 1 06/08/2019 Book